Central European Cities Tile Select - Statistics

General Stats
  • This quiz has been taken 22 times
  • The average score is 55 of 81
Answer Stats
Question Tile Select % Correct
Cities in Slovakia Basel No
100%
Cities in Slovakia Bratislava Yes
100%
Cities in Slovakia Leipzig No
95%
Cities in Slovakia Gdynia No
90%
Cities in Slovakia Katowice No
90%
Cities in Germany Debrecen No
86%
Cities in Germany Hamburg Yes
86%
Cities in Germany Hanover Yes
86%
Cities in Germany Winterthur No
86%
Cities in Germany Zakopane No
86%
Cities in Hungary Budapest Yes
81%
Cities in Germany Dortmund Yes
81%
Cities in Austria Essen No
81%
Cities in Switzerland Esztergom No
81%
Cities in Switzerland Geneva Yes
81%
Cities in Austria Graz Yes
81%
Cities in Slovenia Innsbruck No
81%
Cities in Poland Interlaken No
81%
Cities in Poland Izola No
81%
Cities in Poland Karlovy Vary No
81%
Cities in Switzerland Karlsruhe No
81%
Cities in Czechia Kecskemet No
81%
Cities in Switzerland Konin No
81%
Cities in Germany Linz No
81%
Cities in Slovenia Ljubljana Yes
81%
Cities in Austria Novo Mesto No
81%
Cities in Czechia Prague Yes
81%
Cities in Austria Salzburg Yes
81%
Cities in Liechtenstein Vaduz Yes
81%
Cities in Austria Vienna Yes
81%
Cities in Hungary Villach No
81%
Cities in Switzerland Zurich Yes
81%
Cities in Czechia Zwickau No
81%
Cities in Austria Bern No
76%
Cities in Germany Bremen Yes
76%
Cities in Austria Brno No
76%
Cities in Poland Gdansk Yes
76%
Cities in Liechtenstein Konstanz No
76%
Cities in Hungary Kranj No
76%
Cities in Switzerland Lucerne Yes
76%
Cities in Poland Poznan Yes
76%
Cities in Czechia Presov No
76%
Cities in Slovakia Banska Bystrica Yes
71%
Cities in Switzerland Hallstatt No
71%
Cities in Liechtenstein Zug No
71%
Cities in Liechtenstein Bad Ischl No
67%
Cities in Hungary Bydgoszcz No
67%
Cities in Czechia Ceske Budejovice Yes
67%
Cities in Hungary Gyor Yes
67%
Cities in Slovakia Kosice Yes
67%
Cities in Slovenia Kutna Hora No
67%
Cities in Hungary Pardubice No
67%
Cities in Liechtenstein Pisek No
67%
Cities in Slovakia Trnava Yes
67%
Cities in Czechia Jesenice No
62%
Cities in Switzerland Montreux Yes
62%
Cities in Hungary Pecs Yes
62%
Cities in Liechtenstein Schaan Yes
62%
Cities in Germany Lubeck Yes
57%
Cities in Slovenia Maribor Yes
57%
Cities in Czechia Ostrava Yes
57%
Cities in Czechia Plzen Yes
57%
Cities in Poland Szczecin Yes
57%
Cities in Austria Wiener Neustadt Yes
57%
Cities in Slovenia Zielona Gora No
57%
Cities in Slovenia Zvolen No
57%
Cities in Poland Nove Zamky No
52%
Cities in Liechtenstein Triesenberg Yes
52%
Cities in Austria Klagenfurt Yes
48%
Cities in Czechia Olomouc Yes
48%
Cities in Switzerland Neuchatel Yes
43%
Cities in Slovakia Nitra Yes
43%
Cities in Slovenia Bled Yes
38%
Cities in Hungary Szombathely Yes
38%
Cities in Poland Glogow Yes
33%
Cities in Slovenia Koper Yes
33%
Cities in Liechtenstein Mauren Yes
33%
Cities in Slovenia Postojna Yes
33%
Cities in Poland Bielsko-Biala Yes
29%
Cities in Hungary Miskolc Yes
24%
Cities in Liechtenstein Malbun Yes
14%
No matching quizzes found
Score Distribution
Percent of People with Each Score
Percentile by Number Answered
Your Score History
You have not taken this quiz